000 00481nam a2200145 i 4500
001 128456
003 ES-MaACL
005 20230906193305.0
007 t|
008 070511s1913 cu ||||1| spa d
100 1 _aTaboadela, José Antonio.
_9109035
245 1 0 _aDon Tomás Estrada Palma /
_cdiscurso pronunciado por José Antonio Taboadela en el Ateneo de La Habana, la noche del 2 de enero de 1913.
260 _aLa Habana :
_b[s.n.],
_c1913.
852 _aES-MaACL
_jT-1404-F-4
999 _c128456
_d128456